| 000 | 00718nam a2200205Ia 4500 | ||
|---|---|---|---|
| 003 | OSt | ||
| 005 | 20210915134728.0 | ||
| 008 | 210310s1993 ck grl 000 0 spa d | ||
| 040 |
_aCO-JMCR _cCO-JMCR |
||
| 041 | 0 | _aspa | |
| 082 | 0 | 4 |
_a346.044 / _bC718l _223 |
| 110 | 2 |
_aColombia. _bMinisterio de Agricultura _938268 |
|
| 245 | 1 | 0 |
_aLey 101 : _bLey general de desarrollo agropecuario y pesquero / _cMinisterio de Agricultura |
| 260 |
_aBogotá : _bCaja Agraria, _c1993. |
||
| 300 |
_a47 páginas ; _c28 cm. |
||
| 650 | 1 | 4 |
_aPolítica agropecuaria _xLey 101 _y1993 _928260 |
| 650 | 2 | 4 |
_aParticipación ciudadana _xLey 101 _y1993 _940472 |
| 650 | 2 | 4 |
_aSubsidio familiar campesino _xLey 101 _y1993 _940473 |
| 942 |
_2ddc _cBK |
||
| 999 |
_c12445 _d12445 |
||